US and CS states (Southern Victory) - Statistics

General Stats
  • This quiz has been taken 27 times
  • The average score is 45 of 50
Answer Stats
State % Correct
Alabama
100%
California
100%
Georgia
100%
Kentucky
100%
Maine
100%
Maryland
100%
Minnesota
100%
Mississippi
100%
New York
100%
North Carolina
100%
South Carolina
100%
Texas
100%
Utah
100%
Virginia
100%
Washington
100%
Arkansas
95%
Colorado
95%
Connecticut
95%
Florida
95%
Idaho
95%
Michigan
95%
Missouri
95%
Montana
95%
New Hampshire
95%
New Jersey
95%
New Mexico
95%
Oregon
95%
Vermont
95%
West Virginia
95%
Illinois
90%
Indiana
90%
Kansas
90%
Nevada
90%
Ohio
90%
Pennsylvania
90%
Rhode Island
90%
Tennessee
90%
Wisconsin
90%
Wyoming
90%
Delaware
86%
Iowa
86%
Massachusetts
86%
Nebraska
86%
Louisiana
81%
Dakota
71%
Cuba
57%
Chihuahua
52%
Sonora
52%
Sequoyah
43%
Houston
38%
No matching quizzes found
Score Distribution
Percent of People with Each Score
Percentile by Number Answered
Your Score History
You have not taken this quiz